| 000 | 00767nam a2200265Ia 4500 | ||
|---|---|---|---|
| 003 | OSt | ||
| 005 | 20220928103319.0 | ||
| 006 | a|||||r|||| 00| 0 | ||
| 007 | ta | ||
| 008 | 220927b |||||||| |||| 00| 0 hin d | ||
| 020 | _c0 | ||
| 024 | _a112313 | ||
| 037 |
_bGIFT, 24/08/2011, Gift _cTextual |
||
| 040 |
_aSDCL _cSDCL _bhin |
||
| 041 |
_2hin _ahin |
||
| 082 | _a4:(P15)wN, Q1 | ||
| 100 |
_aJain Sanjeev _9403374 |
||
| 245 | 0 |
_aKalinayak _b Kaliyug ka nayak. |
|
| 260 |
_aBikaner _bRajesthan Kalinayak Prakashan _c2011 |
||
| 300 |
_a208p. _ccm. |
||
| 650 |
_aGift _9391569 |
||
| 700 |
_a Sharma Dermender _9403375 |
||
| 942 |
_h4:(P15)wN, Q1 _cTEXL _2CC |
||
| 999 |
_c719172 _d719172 |
||